Ontario Counties - Statistics

General Stats
  • This quiz has been taken 3,300 times
  • The average score is 24 of 49
Answers on the Map
Answers color-coded by a green-red scale on the quiz's map according to % correct below.
 
Answer Stats
Type County % Correct
Single-tier municipality Toronto
94%
Single-tier municipality Ottawa
85%
Regional municipality Niagara
78%
Single-tier municipality Hamilton
77%
District Thunder Bay
77%
Single-tier municipality Greater Sudbury
75%
District Sudbury
72%
Regional municipality York
68%
Regional municipality Peel
65%
Regional municipality Waterloo
60%
Regional municipality Durham
57%
County Essex
56%
County Simcoe
56%
Regional municipality Halton
55%
Single-tier municipality Chatham-Kent
53%
District Kenora
53%
County Bruce
52%
County Huron
51%
District Manitoulin
51%
Regional municipality Muskoka
50%
County Peterborough
50%
Single-tier municipality Prince Edward
50%
Single-tier municipality Kawartha Lakes
48%
Single-tier municipality Brant
47%
Single-tier municipality Haldimand-Norfolk
46%
County Grey
44%
County Middlesex
44%
County Wellington
43%
District Parry Sound
41%
District Algoma
39%
District Nipissing
39%
Regional municipality Oxford
39%
County Dufferin
38%
County Frontenac
38%
County Perth
38%
District Rainy River
38%
County Lambton
37%
County Renfrew
37%
County Stormont, Dundas and Glengarry
36%
District Cochrane
35%
County Elgin
35%
County Hastings
35%
County Northumberland
35%
District Timiskaming
35%
County Haliburton
34%
County Leeds Grenville
34%
County Lennox and Addington
34%
County Lanark
33%
County Prescott and Russell
30%
No matching quizzes found
Score Distribution
Percent of People with Each Score
Percentile by Number Answered
Your Score History
You have not taken this quiz